000 00841nam a2200241Ia 4500
008 100315s9999 xx 000 0 und d
020 _a987654321 
040 _cENGLISH 
082 _b7953 
_a150.8 
100 _a"Merbaum, Michael, Stricker, George "
245 _aSearch For Human Understanding : A Reader in Psychology
260 _aNew York 
_b"Holt Rinehart and Winston, Inc  "
_c1975 
300 _a"X, 421  "
365 _eRupees 
_d
_b0.00 
366 _f
505 _gJaya Nikhade 
530 _bDonared By RBI Library  
620 _a"The Great Psychologists, Learning for Memory, Intelligence,The Human Body "
630 _aSearch For Human Understanding : A Reader in Psychology
650 _aPSYCHOLOGY 
730 _aSearch For Human Understanding : A Reader in Psychology
942 _cBOOK
999 _c482688
_d482685